Qatar Airways fleet - Statistics

General Stats
  • This quiz has been taken 44 times
  • The average score is 10 of 14
Answer Stats
Manufacturer Answer % Correct
Airbus A350-900
88%
Airbus A380-800
88%
Airbus A350-1000
84%
Boeing 787-8
81%
Boeing 787-9
81%
Boeing 777-300ER
78%
Airbus A330-300
78%
Airbus A320-200
75%
Airbus A330-200
75%
Airbus A321NEO
69%
Boeing 777-200LR
63%
Boeing Freighter 777f
56%
Boeing 737 max 8
50%
Boeing Freighter 777-200LRMF
0%
No matching quizzes found
Score Distribution
Percent of People with Each Score
Percentile by Number Answered
Your Score History
You have not taken this quiz